| 000 | 01184pam a2200325 a 4500 | ||
|---|---|---|---|
| 001 | 15720374 | ||
| 003 | EG-ScBUE | ||
| 005 | 20250611102302.0 | ||
| 008 | 090430s2006 enkadk f b f001 0 eng d | ||
| 020 | _a9780521028295 (pbk.) | ||
| 020 | _a0521028299 (pbk.) | ||
| 040 |
_aDLC _beng _erda _cDLC _dDLC _dEG-ScBUE |
||
| 082 | 0 | 4 |
_a535.3 _222 _bWAL |
| 100 | 1 |
_aWalther, A. _q(Adriaan) _eauthor. _937252 |
|
| 245 | 1 | 4 |
_aThe ray and wave theory of lenses / _cA. Walther, Department of Physics, Worcester Polytechnic Institute, Worcester, Massachusetts. |
| 264 | 1 |
_aCambridge : _bCambridge University Press, _c2006. |
|
| 300 |
_axvi, 399 pages : _bcharts, forms, tables ; _c23 cm. |
||
| 336 |
_2rdacontent _atext _btxt |
||
| 337 |
_aunmediated _2rdamedia _bn |
||
| 338 |
_avolume _bnc _2rdacarrier |
||
| 490 | 0 | _aCambridge studies in modern optics | |
| 504 | _aIncludes bibliographical references and index. | ||
| 650 | 7 |
_aLenses. _2BUEsh _937253 |
|
| 650 | 7 |
_aGeometrical optics. _2BUEsh _937254 |
|
| 650 | 7 |
_aEikonal equation. _2BUEsh _937255 |
|
| 650 | 7 |
_aFourier transform optics. _2BUEsh _937256 |
|
| 653 |
_bENGELC _cJanuary2015 |
||
| 655 |
_vReading book _934232 |
||
| 942 |
_2ddc _cBB |
||
| 999 |
_c18906 _d18878 |
||